000
00335nam a2200145Ia 4500
005
20251222154314.0
008
251222s9999||||xx |||||||||||||| ||spa||
020
_a
8428319367
082
_a
537.074/C28
100
_a
Carnicer Arroyo, E.
245
0
_a
Calefacción
250
_a
1ra.ed.
264
_b
Thomson Paraninfo
942
_c
LIB
999
_c
33511
_d
33511